ბათუმის შოთა რუსთაველის სახელმწიფო უნივერსიტეტის ბიბლიოთეკა

ლაბორატორიული ბიოუსაფრთხოების სახელმძღვანელო / (ბიბ.ჩანაწერი № 47690)

000 -ლიდერი
ფიქსირებული სიგრძის საკონტროლო ველი 01456nam a2200253Ia 4500
001 - საკონტროლო ნომერი
საკონტროლო ველი 14559
003 - საკონტროლო ნომრის იდენტიფიკატორი
საკონტროლო ველი GE_BSU
005 - ბოლო ოპერაციის თარიღი და დრო
საკონტროლო ველი 20241118154419.0
008 - ფიქსირებული სიგრძის მონაცემთა ელემენტები - ზოგადი ინფორმაცია
ფიქსირებული სიგრძის საკონტროლო ველი 181216s2004||||ge |||||||||||||| ||geo||
040 ## - კატალოგიზაციის წყარო
Transcribing agency GE_BSU
041 ## - ენის კოდი
Language code of text/sound track or separate title geo
080 ## - უნივერსალური ათობითი კლასიფიკაციის ინდექსი
Universal Decimal Classification number 57.089(075.8)+614.2(075.8) ლ-13
245 ## - ცნობა სათაურის შესახებ
Title ლაბორატორიული ბიოუსაფრთხოების სახელმძღვანელო /
Statement of responsibility, etc მთარგმნ. ლელა ბაქანიძე ; რედ. : ლელა ბაქანიძე, პაატა იმნაძე.
250 ## - გამოცემის ცნობა
Edition statement მე-3 გამოცემა
264 ## - წარმოების, გამოცემის, დისტრიბუციის და სხვა ცნობები
გამოცემის, წარმოების, დისტრიბუციის... ადგილი ჟენევა :
გამოცემის, წარმოების, დისტრიბუციის... სახელწოდება ჯანმრთელობის მსოფლიო ორგანიზაცია
გამოცემის, წარმოების, დისტრიბუციის... თარიღი 2004.
300 ## - ფიზიკური აღწერა
Extent 260 გვ. ;
Dimensions 21 სმ.
500 ## - ზოგადი შენიშვნა
General note გამოცემა დაფინანსებულია ევროკავშირის მიერ
504 ## - BIBLIOGRAPHY, ETC. NOTE
Bibliography, etc ბიბლიოგრ. : გვ. 202-207
653 ## - INDEX TERM--UNCONTROLLED
Uncontrolled term ლაბორატორიული ბიოუსაფრთხოების სახელმძღვანელო
653 ## - INDEX TERM--UNCONTROLLED
Uncontrolled term ლაბორატორიაში მუშაობის უსაფრთხოება
700 ## - ADDED ENTRY--PERSONAL NAME
Personal name ბაქანიძე, ლელა
Relator term მთარგმნელი
9 (RLIN) 23727
700 ## - ADDED ENTRY--PERSONAL NAME
Personal name იმნაძე, პაატა
Relator term რედაქტორი
9 (RLIN) 11269
942 ## - ADDED ENTRY ELEMENTS (KOHA)
Koha item type წიგნი
Source of classification or shelving scheme
ეგზემპლარები
ჩამოწერის სტატუსი დაკარგული ეგზემპლარის სტატუსი კლასიფიკაციის წყარო ან თაროზე გაწყობის სქემა დაზიანების სტატუსი არ გაიცემა მუდმივი მდებარეობა (დაცვის ადგილი) ამჟამინდელი ადგილსამყოფელი თაროზე განთავსების ადგილი შეძენის თარიღი სრული შენახვის შიფრი შტრიხკოდი ბოლო ოპერაციის თარიღი ეგზემპლარის მიმდევრობითი ნომერი (კეტერი?) ფასის ძალაში შესვლის თარიღი ეგზემპლარის სახეობა Uniform Resource Identifier საჯარო შენიშვნა
          ბათუმის შოთა რუსთაველის სახელმწიფო უნივერსიტეტის მთავარი ბიბლიოთეკა ბათუმის შოთა რუსთაველის სახელმწიფო უნივერსიტეტის მთავარი ბიბლიოთეკა წიგნსაცავი 2018-12-17 57.089(075.8)+614.2(075.8) ლ-13 27441 2018-12-17 27441 2018-12-17 წიგნი    
          ბათუმის შოთა რუსთაველის სახელმწიფო უნივერსიტეტის მთავარი ბიბლიოთეკა ბათუმის შოთა რუსთაველის სახელმწიფო უნივერსიტეტის მთავარი ბიბლიოთეკა წიგნსაცავი 2025-01-31 57.089(075.8)+614.2(075.8) ლ-13 70526 2025-01-31 70526 2025-01-31 წიგნი ნაჩუქარი 10.00